[Event "Plzen Calliditas op"]
[Site "Plzen"]
[Date "2023.08.26"]
[Round "9"]
[White "Souralova, Venuse"]
[Black "Roubal, Frantisek"]
[Result "1/2-1/2"]
[WhiteElo "1405"]
[BlackElo "1293"]
[PlyCount "101"]
[EventDate "2023.08.19"]
[EventType "swiss"]
[EventRounds "9"]
[EventCountry "CZE"]
[SourceTitle "EXT 2024"]
[Source "ChessBase"]
[SourceDate "2023.10.10"]
[SourceVersion "1"]
[SourceVersionDate "2023.10.10"]
[SourceQuality "1"]

1. c4 c6 2. Nf3 Nf6 3. g3 d5 4. cxd5 cxd5 5. Bg2 e6 6. 0-0 Bd6 7. Nc3 Nc6 8. a3 a6 9. b4 Ne5 10. Bb2 Nxf3+ 11. Bxf3 Be5 12. Qc2 Bd7 13. Rac1 0-0 14. Qb3 Bxc3 15. Rxc3 Bc6 16. Rfc1 Qd7 17. Qa2 Rfc8 18. Qb1 Ba4 19. Qa1 Rxc3 20. Rxc3 Ne8 21. Qc1 Rd8 22. Rc5 Bb3 23. d3 Ba4 24. Kg2 Bc6 25. e3 Bb5 26. Qd2 b6 27. Rc1 Rc8 28. Be2 Rc6 29. Rxc6 Bxc6 30. Bd4 b5 31. Qb2 f6 32. Bf3 Nd6 33. Bc5 Nb7 34. d4 Nd6 35. Bxd6 Qxd6 36. Qc2 Qd7 37. Qc5 Qb7 38. Qd6 Kf7 39. Bh5+ g6 40. Bg4 f5 41. Bf3 Bd7 42. Qc5 Qc6 43. Be2 Qxc5 44. dxc5 e5 45. Bd1 Kf6 46. Bb3 Bc6 47. Kf1 g5 48. Ke2 e4 49. f3 h5 50. f4 g4 51. Kf2 1/2-1/2

[Event "Plzen Calliditas op"]
[Site "Plzen"]
[Date "2023.08.21"]
[Round "4"]
[White "Roubal, Frantisek"]
[Black "Tirb, Alexej"]
[Result "1-0"]
[WhiteElo "1293"]
[BlackElo "1213"]
[PlyCount "79"]
[EventDate "2023.08.19"]
[EventType "swiss"]
[EventRounds "9"]
[EventCountry "CZE"]
[SourceTitle "EXT 2024"]
[Source "ChessBase"]
[SourceDate "2023.10.10"]
[SourceVersion "1"]
[SourceVersionDate "2023.10.10"]
[SourceQuality "1"]

1. d4 d5 2. Bf4 Nf6 3. Nf3 Bf5 4. e3 e6 5. h3 Bd6 6. Bxd6 Qxd6 7. c3 Nc6 8. Bd3 Bg6 9. Qc2 Bxd3 10. Qxd3 0-0 11. Nbd2 h6 12. 0-0 Rfe8 13. Rfe1 a6 14. e4 dxe4 15. Nxe4 Nxe4 16. Rxe4 e5 17. Rae1 Re7 18. Qe2 Rae8 19. Nxe5 Nxe5 20. Rxe5 Rxe5 21. dxe5 Qe7 22. Kf1 f6 23. exf6 Qxe2+ 24. Rxe2 Rxe2 25. Kxe2 gxf6 26. Ke3 Kf7 27. Kf4 b6 28. g4 a5 29. Kf5 c6 30. h4 a4 31. a3 b5 32. f4 c5 33. g5 hxg5 34. fxg5 fxg5 35. hxg5 c4 36. Ke5 Ke7 37. Kd5 Kd7 38. Kc5 Kd8 39. Kxb5 Ke7 40. Kxa4 1-0

[Event "Plzen Calliditas op"]
[Site "Plzen"]
[Date "2023.08.20"]
[Round "2"]
[White "Roubal, Frantisek"]
[Black "Zoufaly, Petr"]
[Result "1/2-1/2"]
[WhiteElo "1293"]
[BlackElo "1603"]
[PlyCount "71"]
[EventDate "2023.08.19"]
[EventType "swiss"]
[EventRounds "9"]
[EventCountry "CZE"]
[SourceTitle "EXT 2024"]
[Source "ChessBase"]
[SourceDate "2023.10.10"]
[SourceVersion "1"]
[SourceVersionDate "2023.10.10"]
[SourceQuality "1"]

1. d4 d5 2. Bf4 Nf6 3. Nf3 e6 4. e3 Be7 5. h3 Nbd7 6. Nbd2 c5 7. c3 0-0 8. Bd3 h6 9. 0-0 Qb6 10. Qb3 Qxb3 11. axb3 a6 12. Ne5 Nxe5 13. Bxe5 Nd7 14. Bh2 Bf6 15. Nf3 Re8 16. Bb5 cxd4 17. cxd4 Kh7 18. Rfc1 Rg8 19. Bxd7 Bxd7 20. Rc7 Bc6 21. Ne5 Bxe5 22. Bxe5 Kg6 23. Rc1 Rac8 24. Rxc8 Rxc8 25. Bd6 h5 26. h4 Kf5 27. f3 g5 28. Bg3 f6 29. Kf2 Rg8 30. Rc5 Kg6 31. b4 Re8 32. Rc3 e5 33. hxg5 exd4 34. exd4 fxg5 35. Re3 Rxe3 36. Kxe3 1/2-1/2

[Event "Plzen Calliditas op"]
[Site "Plzen"]
[Date "2023.08.19"]
[Round "1"]
[White "Roubal, Matyas"]
[Black "Roubal, Frantisek"]
[Result "1-0"]
[WhiteElo "1856"]
[BlackElo "1293"]
[PlyCount "43"]
[EventDate "2023.08.19"]
[EventType "swiss"]
[EventRounds "9"]
[EventCountry "CZE"]
[SourceTitle "EXT 2024"]
[Source "ChessBase"]
[SourceDate "2023.10.10"]
[SourceVersion "1"]
[SourceVersionDate "2023.10.10"]
[SourceQuality "1"]

1. e4 e5 2. Nf3 d6 3. d4 exd4 4. Nxd4 Be7 5. Nc3 Nf6 6. Be2 Bd7 7. 0-0 Nc6 8. Be3 0-0 9. f4 Qc8 10. h3 Nxd4 11. Bxd4 Bc6 12. Bf3 Nd7 13. b4 b6 14. Re1 Bf6 15. e5 Bxf3 16. Qxf3 dxe5 17. fxe5 Be7 18. Nd5 Qd8 19. Qg4 c5 20. Bb2 cxb4 21. e6 Nf6 22. Nxf6+ 1-0

[Event "Plzen op"]
[Site "Plzen"]
[Date "2021.08.29"]
[Round "9"]
[White "Zoufaly, Petr"]
[Black "Roubal, Frantisek"]
[Result "1/2-1/2"]
[WhiteElo "1669"]
[BlackElo "1215"]
[PlyCount "102"]
[EventDate "2021.08.23"]
[EventType "swiss"]
[EventRounds "9"]
[EventCountry "CZE"]
[SourceTitle "CBM 204 Extra"]
[Source "ChessBase"]
[SourceDate "2021.11.30"]
[SourceVersion "1"]
[SourceVersionDate "2021.11.30"]
[SourceQuality "1"]

1. d4 d5 2. Nf3 Bf5 3. e3 c6 4. Be2 Nf6 5. Nbd2 h6 6. 0-0 e6 7. c4 Nbd7 8. a3 a6 9. b4 b5 10. cxd5 cxd5 11. Nb3 Ne4 12. Bb2 Nb6 13. Ra2 Be7 14. Nfd2 Nxd2 15. Qxd2 0-0 16. f3 Qd7 17. Bc1 Rfc8 18. Bd3 Bxd3 19. Qxd3 Nc4 20. Nc5 Qe8 21. Bd2 Rc6 22. Rfa1 Qc8 23. a4 bxa4 24. Nxa4 Rb8 25. Nc5 Ra8 26. b5 Rb6 27. Rxa6 Raxa6 28. bxa6 Bxc5 29. dxc5 Rxa6 30. Rxa6 Qxa6 31. Qc3 Qb5 32. Qb4 Qxb4 33. Bxb4 Kf8 34. Kf2 Ke8 35. Ke2 g6 36. f4 f5 37. h3 Kd7 38. Bc3 Kc6 39. Bd4 Na5 40. Kf3 Nb3 41. g4 Nxc5 42. Bg7 Kd7 43. Bxh6 fxg4+ 44. Kxg4 Ke8 45. Bg7 Kf7 46. Bd4 Ne4 47. h4 Nd6 48. h5 gxh5+ 49. Kxh5 Ne4 50. Kg4 Nf2+ 51. Kg5 Ne4+ 1/2-1/2

[Event "Plzen op"]
[Site "Plzen"]
[Date "2021.08.26"]
[Round "5"]
[White "Roubal, Frantisek"]
[Black "Pesek, Petr"]
[Result "1-0"]
[WhiteElo "1215"]
[BlackElo "1039"]
[PlyCount "41"]
[EventDate "2021.08.23"]
[EventType "swiss"]
[EventRounds "9"]
[EventCountry "CZE"]
[SourceTitle "CBM 204 Extra"]
[Source "ChessBase"]
[SourceDate "2021.11.30"]
[SourceVersion "1"]
[SourceVersionDate "2021.11.30"]
[SourceQuality "1"]

1. d4 e5 2. dxe5 Nc6 3. Nf3 Bc5 4. e3 d5 5. exd6 cxd6 6. Bc4 Nf6 7. Nc3 Bg4 8. h3 Bf5 9. 0-0 0-0 10. a3 d5 11. Nxd5 Nxd5 12. Bxd5 Be6 13. Bxe6 fxe6 14. Bd2 a6 15. Bc3 Qxd1 16. Raxd1 Rac8 17. Ne5 Nxe5 18. Bxe5 g6 19. c3 Rcd8 20. Rfe1 Rf7 21. Rxd8+ 1-0

[Event "Plzen op"]
[Site "Plzen"]
[Date "2021.08.24"]
[Round "3"]
[White "Roubal, Frantisek"]
[Black "Burda, Otto"]
[Result "1/2-1/2"]
[WhiteElo "1215"]
[BlackElo "1797"]
[PlyCount "73"]
[EventDate "2021.08.23"]
[EventType "swiss"]
[EventRounds "9"]
[EventCountry "CZE"]
[SourceTitle "CBM 204 Extra"]
[Source "ChessBase"]
[SourceDate "2021.11.30"]
[SourceVersion "1"]
[SourceVersionDate "2021.11.30"]
[SourceQuality "1"]

1. d4 d5 2. Bf4 c5 3. c3 cxd4 4. cxd4 Nc6 5. e3 e6 6. Nd2 Nf6 7. Ngf3 Be7 8. Be2 0-0 9. 0-0 Qb6 10. Qb3 Qxb3 11. Nxb3 b6 12. Rac1 Bb7 13. a3 Rac8 14. Rc3 Ne4 15. Rcc1 Rfd8 16. Nbd2 Nd6 17. Bxd6 Bxd6 18. Rc3 a6 19. Rfc1 Na7 20. Rxc8 Rxc8 21. Rxc8+ Nxc8 22. a4 Bb4 23. b3 f6 24. Bd3 Nd6 25. Nf1 g6 26. Ng3 Kg7 27. Ne2 g5 28. Kf1 h5 29. Ne1 Bxe1 30. Kxe1 h4 31. g3 hxg3 32. hxg3 e5 33. dxe5 fxe5 34. Nc3 e4 35. Be2 Kf6 36. Kd2 Ke5 37. Bf1 1/2-1/2

[Event "Plzen Calliditas op"]
[Site "Plzen"]
[Date "2020.08.29"]
[Round "8"]
[White "Fakan, Petr"]
[Black "Roubal, Frantisek"]
[Result "1/2-1/2"]
[WhiteElo "1360"]
[BlackElo "1208"]
[PlyCount "60"]
[EventDate "2020.08.23"]
[EventType "swiss"]
[EventRounds "9"]
[EventCountry "CZE"]
[SourceTitle "CBM 198 Extra"]
[Source "ChessBase"]
[SourceDate "2020.11.30"]
[SourceVersion "1"]
[SourceVersionDate "2020.11.30"]
[SourceQuality "1"]

1. e4 e6 2. Nf3 d5 3. e5 c5 4. d4 h6 5. Be3 Qb6 6. Nc3 a6 7. Rb1 Nc6 8. Be2 cxd4 9. Bxd4 Nxd4 10. Nxd4 Bc5 11. Na4 Qa5+ 12. c3 Bd7 13. Nxc5 Qxc5 14. 0-0 Ne7 15. Kh1 0-0 16. Qb3 b5 17. Qc2 Nc6 18. Qd3 Rac8 19. b4 Qa7 20. f4 Nxd4 21. cxd4 Rc4 22. Rfd1 Rfc8 23. Qe3 Rc3 24. Rd3 Qc7 25. Rxc3 Qxc3 26. Bd3 Rc4 27. Rd1 Rxd4 28. Qxd4 Qxd4 29. Bh7+ Kxh7 30. Rxd4 Kg6 1/2-1/2

[Event "Plzen Calliditas op"]
[Site "Plzen"]
[Date "2020.08.26"]
[Round "5"]
[White "Kalista, Karel"]
[Black "Roubal, Frantisek"]
[Result "1-0"]
[WhiteElo "1656"]
[BlackElo "1208"]
[PlyCount "83"]
[EventDate "2020.08.23"]
[EventType "swiss"]
[EventRounds "9"]
[EventCountry "CZE"]
[SourceTitle "CBM 198 Extra"]
[Source "ChessBase"]
[SourceDate "2020.11.30"]
[SourceVersion "1"]
[SourceVersionDate "2020.11.30"]
[SourceQuality "1"]

1. d4 d5 2. c4 c6 3. Nf3 Nf6 4. Qb3 Nbd7 5. Nc3 Nb6 6. c5 Nbd7 7. Bf4 Nh5 8. e3 Nxf4 9. exf4 Nf6 10. Bd3 h6 11. 0-0 Qc7 12. Ne5 Nh5 13. Ne2 f5 14. Qc2 e6 15. Qd2 Be7 16. Ng6 Rg8 17. Ng3 Nxg3 18. fxg3 Kf7 19. Ne5+ Ke8 20. Rae1 Rf8 21. Qe2 Rf6 22. Qh5+ Kf8 23. Ng6+ Kg8 24. Nxe7+ Qxe7 25. Bxf5 Rxf5 26. Qxf5 Qxc5 27. Qxe6+ Bxe6 28. dxc5 Kf7 29. f5 Bd7 30. g4 Kf6 31. h4 Re8 32. Rxe8 Bxe8 33. Re1 Bd7 34. Kf2 b6 35. b4 b5 36. Kf3 Kf7 37. Kf4 Kf6 38. g5+ hxg5+ 39. hxg5+ Kf7 40. Rh1 Kg8 41. g6 Bc8 42. g4 1-0

[Event "Plzen Calliditas op"]
[Site "Plzen"]
[Date "2020.08.24"]
[Round "2"]
[White "Klabenes, Petr"]
[Black "Roubal, Frantisek"]
[Result "1-0"]
[WhiteElo "1660"]
[BlackElo "1208"]
[PlyCount "47"]
[EventDate "2020.08.23"]
[EventType "swiss"]
[EventRounds "9"]
[EventCountry "CZE"]
[SourceTitle "CBM 198 Extra"]
[Source "ChessBase"]
[SourceDate "2020.11.30"]
[SourceVersion "1"]
[SourceVersionDate "2020.11.30"]
[SourceQuality "1"]

1. e4 e6 2. f4 d5 3. e5 Ne7 4. Nf3 Nf5 5. d4 Nc6 6. c3 Bd7 7. Bd3 Nh4 8. 0-0 h6 9. b4 a6 10. a4 Be7 11. Nbd2 0-0 12. Nxh4 Bxh4 13. Qh5 Be8 14. Nf3 Be7 15. Qh3 Bd7 16. g4 f5 17. g5 Kh7 18. Kh1 Qe8 19. Rg1 Rg8 20. Ra2 Qg6 21. Rag2 Raf8 22. Rg4 Rh8 23. gxh6 Qxg4 24. Qxg4 1-0